Mezinárodně neuznané státy: typologie, mýty a realita

Štáty bez medzinárodného uznania a ich vplyv na geopolitické procesy na všetkých kontinentoch. Medzinárodne neuznané štáty v súčasnosti: Taiwan, Abcházsko, Južné Osetsko, Severný Cyprus, Somaliland, Kosovo, Náhorný Karabach, Saharská arabská demokratická republika, Palestína. Heterogenita neuznaných...

Celý popis

Uložené v:
Podrobná bibliografia
Hlavný autor: Riegl, Martin
Médium: Kapitola
Jazyk:Czech
Predmet:
Tagy: Pridať tag
Žiadne tagy, Buďte prvý, kto otaguje tento záznam!

MARC

LEADER 00000naa a2200000 4500
001 0150530
005 20231016095002.8
041 0 |a cze 
044 |a CZ 
245 1 0 |a Mezinárodně neuznané státy: typologie, mýty a realita  |c Martin Riegl 
520 |a Štáty bez medzinárodného uznania a ich vplyv na geopolitické procesy na všetkých kontinentoch. Medzinárodne neuznané štáty v súčasnosti: Taiwan, Abcházsko, Južné Osetsko, Severný Cyprus, Somaliland, Kosovo, Náhorný Karabach, Saharská arabská demokratická republika, Palestína. Heterogenita neuznaných štátov. 
610 2 0 |a štát 
610 2 0 |a suverenita štátna 
610 2 0 |a politika medzinárodná 
610 2 0 |a geopolitika 
610 2 0 |a vzťahy medzinárodné 
100 1 |a Riegl, Martin